Wszystkie mecze reprezentacji Polski za kadencji Fornalika - Statystyki

Ogólne statystyki
  • Ten quiz został rozwiązany 113 razy
  • Średni wynik to 13 z 18
Statystyki odpowiedzi
Rozgrywki Wynik Reprezentacja % Poprawnych
Eliminacje do MŚ 1:1 Anglia
94%
Eliminacje do MŚ 0:2 Anglia
94%
Eliminacje do MŚ 5:0 San Marino
94%
Eliminacje do MŚ 5:1 San Marino
94%
Eliminacje do MŚ 1:3 Ukraina
94%
Eliminacje do MŚ 0:1 Ukraina
94%
Eliminacje do MŚ 2:0 Mołdawia
84%
Eliminacje do MŚ 1:1 Mołdawia
84%
Eliminacje do MŚ 2:2 Czarnogóra
82%
Eliminacje do MŚ 1:1 Czarnogóra
82%
Mecz towarzyski 0:1 Estonia
76%
Mecz towarzyski 3:2 Dania
71%
Mecz towarzyski 4:1 Rumunia
56%
Mecz towarzyski 0:2 Irlandia
54%
Mecz towarzyski 2:0 Liechtenstein
48%
Mecz towarzyski 4:1 Macedonia Północna
48%
Mecz towarzyski 1:0 Republika Południowej Afryki
37%
Mecz towarzyski 1:3 Urugwaj
37%
Nie znaleziono quizów pasujących do podanych kryteriów
Rozkład punktacji
Procent ludzi z każdym wynikiem
Percentyl według liczby udzielonych odpowiedzi
Twoja historia wyników
Nie rozwiązałeś tego quizu